000 00457nam a2200181Ia 4500
001 24668
005 20260414151059.0
008 260414t2009||||xx |||||||||||||| ||spa||
041 _aESP
082 _a345.721
_bM28
100 _aMatheus López, Carlos Alberto
_eAUT
245 0 _aLa independencia e imparcialidad del árbitro
_b
260 _c2009
300 _a304 páginas :
_c24 cm.
650 _aDER
654 _aCDE
942 _cLIB
_dJUS
_fJUS
_2ddc
_n
999 _c24668
_d24668